| 000 | 00652nam a2200217 4500 | ||
|---|---|---|---|
| 003 | OSt | ||
| 005 | 20240704053548.0 | ||
| 006 | a | ||
| 008 | 240704b |||||||| |||| 00| 0 eng d | ||
| 020 | _a9780763728434 | ||
| 040 |
_aDWCL-HMN lib. _cOC |
||
| 082 | _aCirc. 618.970231 M449g 2006 | ||
| 100 | _aMauk, Kristen L. | ||
| 245 | _aGerontological Nursing: competence for care / | ||
| 260 |
_aBoston: _bJones and Bartlett Pub., _cc2006. |
||
| 300 |
_axxiii, _b846 p.: ill.; _c23cm. |
||
| 504 | _aIncludes bibliographical references & index. | ||
| 650 | _a1. Geriatric Nursing. | ||
| 650 | _a2. Elderly-Diseases. | ||
| 942 |
_2ddc _n0 _cBK-CIRC _kCirc. |
||
| 999 |
_c1940 _d1940 |
||